popular artists from 2000-present - Statistics

General Stats
  • This quiz has been taken 22 times
    6 since last reset
  • The average score is 138 of 304
Answer Stats
A Popular Song Artist / Band % Correct
Hello Adele
100%
I Want It That Way Backstreet Boys
100%
Halo Beyonce
100%
Pump It Black Eyed Peas
100%
Grenade Bruno Marrs
100%
Havana Camilla Cabello
100%
Hotline Bling Drake
100%
Shape of You Ed Sheeran
100%
Not Afraid Eminem
100%
As It Was Harry Styles
100%
Take Me To Church Hozier
100%
Radioactive Imagine Dragons
100%
SexyBack Justin Timberlake
100%
Heartless Kanye West
100%
Teenage Dream Katy Perry
100%
HUMBLE Kendrick Lamar
100%
Tik Tok Kesha
100%
Tunnel Vision Kodak Black
100%
Bad Romance Lady Gaga
100%
Snap Yo Fingers Lil Jon
100%
Old Town Road Lil Nas X
100%
All I Want for Christmas Is You Mariah Carey
100%
All About That Bass Meghan Trainor
100%
Dirty Diana Michael Jackson
100%
Wrecking Ball Miley Cyrus
100%
Starships Nicki Minaj
100%
Perfect One Direction
100%
Happy Pharrell Williams
100%
Creep Radiohead
100%
Espresso Sabrina Carpenter
100%
Hips Don't Lie Shakira
100%
Stitches Shawn Mendes
100%
Chandelier Sia
100%
Bad Blood Taylor Swift
100%
Regulate Warren G
100%
Candy Shop 50 Cent
75%
Plain Jane A$AP Ferg
75%
Do I Wanna Know? Arctic Monkeys
75%
One Last Time Ariana Grande
75%
Girlfriend Avril Lavigne
75%
lovely Billie Eilish
75%
Toxic Britney Spears
75%
Bodak Yellow Cardi B
75%
Good Luck, Babe! Chappell Roan
75%
We Don't Talk Anymore Charlie Puth
75%
Viva La Vida Coldplay
75%
Heart Attack Demi Lovato
75%
All I Do Is Win DJ Khaled
75%
Still D.R.E. Dr. Dre
75%
Lights Ellie Goulding
75%
Bring Me To Life Evanescence
75%
Glamorous Fergie
75%
Right Round Flo Rida
75%
Pumped Up Kicks Foster The People
75%
Some Nights fun.
75%
Iris Goo Goo Dolls
75%
Feel Good Inc. Gorillaz
75%
That's So True Gracie Abrams
75%
The Sweet Escape Gwen Stefani
75%
Without Me Halsey
75%
Down Jay Sean
75%
On The Floor Jennifer Lopez
75%
Sucker Jonas Brothers
75%
Baby Justin Bieber
75%
Since U Been Gone Kelly Clarkson
75%
Talk Khalid
75%
STAY Kid Laroi
75%
Party Rock Anthem LMFAO
75%
Thrift Shop Macklemore
75%
Animals Maroon 5
75%
Bye Bye Bye *NSYNC
75%
driver's license Olivia Rodrigo
75%
Counting Stars OneRepublic
75%
I Write Sins Not Tragedies Panic! At The Disco
75%
Still Into You Paramore
75%
Just Like Fire Pink
75%
Timber Pitbull
75%
White Iverson Post Malone
75%
Plug Walk Rich The Kid
75%
Umbrella Rihanna
75%
Ignition R Kelly
75%
Blurred Lines Robin Thicke
75%
Drop It Like It's Hot Snoop Dogg
75%
Kill Bill SZA
75%
Whatever You Like T.I.
75%
Hey, Soul Sister Train
75%
STARGAZING Travis Scott
75%
Stressed Out Twenty One Pilots
75%
EARFQUAKE Tyler, The Creator
75%
SAD! XXXTENTACION
75%
Never Forget You Zara Larrson
75%
Bank Account 21 Savage
50%
Mood 24kGoldn
50%
Faded Alan Walker
50%
DtMF Bad Bunny
50%
Say My Name Bebe Rexha
50%
Mystical Magical Benson Boone
50%
All The Small Things blink-182
50%
So Good B.O.B.
50%
Dynamite BTS
50%
Summer Calvin Harris
50%
Safe and Sound Capital Cities
50%
Before He Cheats Carrie Underwood
50%
Bright Lights Bigger City CeeLo Green
50%
Apple Charli XCX
50%
Redbone Childish Gambino
50%
Forever Chris Brown
50%
Genie In a Bottle Christina Aguilera
50%
BOP DaBaby
50%
Best Part Daniel Caesar
50%
Sandstorm Darude
50%
Memories David Guetta
50%
Say So Doja Cat
50%
Levitating Dua Lipa
50%
Centuries Fall Out Boy
50%
Trap Queen Fetty Wap
50%
Pink + White Frank Ocean
50%
Mask Off Future
50%
Me, Myself & I G-Eazy
50%
Yeah Glo! Glorilla
50%
Wake Up In The Sky Gucci Mane
50%
Fancy Iggy Azalea
50%
First Class Jack Harlow
50%
Trumpets Jason Derulo
50%
Heart Of The City Jay-Z
50%
Work Out J Cole
50%
Domino Jessie J
50%
Lucid Dreams Juice WRLD
50%
Gnarly KATSEYE
50%
Can't Get You out of My Head Kylie Minogue
50%
Summertime Sadness Lana Del Ray
50%
Drip Too Hard Lil Baby
50%
Blueberry Faygo Lil Mosey
50%
Ransom Lil Tecca
50%
1-800-273-8255 Logic
50%
Team Lorde
50%
7 Years Lukas Graham
50%
Hung Up Madonna
50%
Beggin MANESKIN
50%
Happier Marshmello
50%
Dreams and Nightmares Meek Mill
50%
Body Megan Thee Stallion
50%
Electric Feel MGMT
50%
Holly Jolly Christmas Michael Buble
50%
Bad and Boujee Migos
50%
Cooler Than Me Mike Posner
50%
Work It Missy Elliott
50%
Teenagers My Chemical Romance
50%
Ride Wit Me Nelly
50%
Promiscuous Nelly Furtado
50%
How You Remind Me Nickelback
50%
Roses Outkast
50%
Gangnam Style PSY
50%
Black Beatles Rae Sremmurd
50%
The Box Roddy Ricch
50%
Stay With Me Sam Smith
50%
Temperature Sean Paul
50%
Slow Down Selena Gomez
50%
A Bar Song (Tipsy) Shaboozey
50%
Faucet Failure Ski Mask The Slump God
50%
Kiss Me Thru The Phone Soulja Boy
50%
Sunflower Swae Lee
50%
Sports Car Tate McRae
50%
Closer The Chainsmokers
50%
How to Save a Life The Fray
50%
Ho Hey The Lumineers
50%
Breakeven The Script
50%
Glad You Came The Wanted
50%
Starboy The Weeknd
50%
Seven Nation Army The White Stripes
50%
MILLION DOLLAR BABY Tommy Richman
50%
Buy U a Drank T-Pain
50%
Strawberries & Cigarettes Troye Sivan
50%
Water Tyla
50%
With Or Without You U2
50%
OMG Usher
50%
Shut Up and Dance WALK THE MOON
50%
Scream & Shout will.i.am
50%
We Dem Boyz Wiz Khalifa
50%
KEKE 6ix9ine
25%
Drowning A Boogie Wit da Hoodie
25%
Right Now (Na Na Na) Akon
25%
No One Alicia Keys
25%
You Make Me Avicii
25%
family ties Baby Keem
25%
Beware Big Sean
25%
Levels BigXthaPlug
25%
JUMP BLACKPINK
25%
Hot N**** Bobby Shmurda
25%
Everytime We Touch Cascada
25%
No Problem Chance the Rapper
25%
Love Sosa Chief Keef
25%
One Last Breath Creed
25%
Around the World Daft Punk
25%
Ultimate Denzel Curry
25%
Panda Desiigner
25%
Where The Hood At DMX
25%
We Are The People Empire of the Sun
25%
Unforgettable French Montana
25%
Crazy Gnarls Barkley
25%
Brain Stew Green Day
25%
one of wun Gunna
25%
Headlock Imogen Heap
25%
King's Dead Jay Rock
25%
oui Jeremih
25%
Hurt Johnny Cash
25%
Glimpse Of Us Joji
25%
2 Phones Kevin Gates
25%
Pursuit of Happiness Kid Cudi
25%
Took Her To The O King Von
25%
From The Start Laufey
25%
Falling Down Lil Peep
25%
Gucci Gang Lil Pump
25%
Lust Lil Skies
25%
XO Tour Lif3 Lil Uzi Vert
25%
How To Love Lil Wayne
25%
Numb Linkin Park
25%
Truth Hurts Lizzo
25%
Sleepless in a Hotel Room Luke Combs
25%
The Show Goes On Lupe Fiasco
25%
The Spins Mac Miller
25%
Family Affair Mary J Blige
25%
Push Matchbox Twenty
25%
Wild Boy mgk
25%
Adorn Miguel
25%
Last Night Morgan Wallen
25%
Outside Today NBA Youngboy
25%
Camelot NLE Choppa
25%
CoCo O.T. Genasis
25%
Fireflies Owl City
25%
Break From Toronto PARTYNEXTDOOR
25%
FourFiveSeconds Paul McCartney
25%
Location Playboi Carti
25%
Got It On Me Pop Smoke
25%
Dani California Red Hot Chili Peppers
25%
Hustlin' Rick Ross
25%
Street Runner Rod Wave
25%
Gas Pedal Sage The Gemini
25%
Beautiful Girls Sean Kingston
25%
SkeeYee Sexyy Red
25%
Bangarang Skrillex
25%
Chop Suey! System Of A Down
25%
Break Your Heart Taio Cruz
25%
First Day Out Tee Grizzley
25%
The Way I Are Timbaland
25%
Work from Home Ty Dolla Sign
25%
Rack City Tyga
25%
Spectrum Zedd
25%
Watch Out 2 Chainz
0%
Kryptonite 3 Doors Down
0%
Jukebox Joints A$AP ROCKY
0%
The Man Aloe Blacc
0%
Lit Right Now Ayo and Teo
0%
it boy bbno$
0%
Thotiana Blueface
0%
Like You Bow Wow
0%
Don't Cha Busta Rhymes
0%
Come a Little Closer Cage The Elephant
0%
Kung Fu Cordae
0%
Where Are U Now Diplo
0%
Danza Kuduro Don Omar
0%
No Pole Don Toliver
0%
The Pretender Foo Fighters
0%
Always On Time Ja Rule
0%
You Make It Easy Jason Aldean
0%
I'm Yours Jason Mraz
0%
Put On Jeezy
0%
Bloodline Jelly Roll
0%
The Worst Jhene Aiko
0%
Love Me Now John Legend
0%
Love Me Again John Newman
0%
Blue Ain't Your Color Keith Urban
0%
Be Real Kid Ink
0%
All Summer Long Kid Rock
0%
drive ME crazy! Lil Yachty
0%
Take A Look Around Limp Bizkit
0%
Act A Fool Ludacris
0%
Play It Again Luke Bryan
0%
Babel Mumford and Sons
0%
Pocketful of Sunshine Natasha Bedingfield
0%
Closer Ne-Yo
0%
Selfish PnB Rock
0%
Be Something Polo G
0%
No One Knows Queens of the Stone Age
0%
edamame Rich Brian
0%
Second Chance Shinedown
0%
Duality Slipknot
0%
Lonely Speaker Knockerz
0%
Let It Happen Tame Impala
0%
Howlin' for You The Black Keys
0%
How We Do The Game
0%
Reptilia The Strokes
0%
Red Solo Cup Toby Keith
0%
Schism Tool
0%
Diego Tory Lanez
0%
Make It Rain Travis Porter
0%
Bottoms Up Trey Songz
0%
Miss The Rage Trippie Redd
0%
No Hands Waka Flocka Flame
0%
Island In The Sun Weezer
0%
Down in the DM Yo Gotti
0%
Bad Bad Bad Young Thug
0%
Mr. Clean Yung Gravy
0%
Chicken Fried Zac Brown Band
0%
No matching quizzes found
Score Distribution
Percent of People with Each Score
Percentile by Number Answered
Your Score History
You have not taken this quiz since the last reset